|
|
|
|
| LEADER |
00000nab a2200000 a 4500 |
| 001 |
vtls001013288 |
| 003 |
SK-MaSNL |
| 005 |
20260303042250.0 |
| 008 |
040720e19350101xo 0 slo |
| 035 |
|
|
|a RVS146
|
| 040 |
|
|
|a RVGKPD
|b slo
|c RVGKPD
|e AACR2
|
| 041 |
0 |
|
|a slo
|
| 044 |
|
|
|a xo
|c SK
|
| 080 |
|
|
|a 392
|2 1981
|
| 100 |
0 |
|
|a J. D.
|4 aut
|9 1028299
|
| 245 |
1 |
0 |
|a Z Vyšnej Slanej
|
| 650 |
0 |
7 |
|a zvyky ľudové
|2 RVGKPD
|9 553737
|
| 651 |
|
7 |
|a Vyšná Slaná (Slovensko)
|2 RVGKPD
|9 27911
|
| 655 |
|
7 |
|a periodikum
|2 snkbucl
|9 29553
|
| 773 |
0 |
8 |
|t Šafárikov kraj
|g Roč. 4, č.1, 5.1.1935, s. 3,4
|
| 852 |
|
|
|a ZVYKNI
|b KIS3GCP
|
| 999 |
|
|
|c 1691221
|d 1693151
|